[Event "Titled Tuesday intern op 17th Sep Late"]
[Site "Chess,com INT"]
[Date "2024.09.17"]
[Round "5"]
[White "Ekdyshman, Mikhail"]
[Black "Huseynova, Lala"]
[Result "1-0"]
[WhiteElo "2257"]
[BlackElo "1984"]
[PlyCount "111"]
[EventDate "2024.09.17"]
[EventType "swiss (blitz)"]
[EventRounds "11"]
[EventCountry "USA"]
[SourceTitle "EXT 2025"]
[Source "ChessBase"]
[SourceDate "2024.10.14"]
[SourceVersion "1"]
[SourceVersionDate "2024.10.14"]
[SourceQuality "1"]

1. e4 c5 2. Nf3 d6 3. d4 cxd4 4. Nxd4 Nf6 5. f3 e5 6. Bb5+ Bd7 7. Bxd7+ Qxd7 8. Nf5 g6 9. Ne3 Nc6 10. Nc3 Bh6 11. 0-0 0-0 12. Ned5 Nxd5 13. Nxd5 Bg7 14. c3 f5 15. Be3 fxe4 16. fxe4 Rxf1+ 17. Qxf1 Rf8 18. Qc4 Kh8 19. Rf1 Rf7 20. h3 Qe8 21. b4 Rxf1+ 22. Qxf1 b6 23. Qa6 Qd7 24. a4 Nd8 25. b5 Ne6 26. a5 bxa5 27. Qxa7 Qxa7 28. Bxa7 a4 29. Bb8 a3 30. Nb4 Bf8 31. Na2 Nc5 32. b6 Nxe4 33. Kf1 Nc5 34. Ke2 Kg7 35. c4 Kf7 36. Kd2 Ke6 37. Bc7 Kd7 38. Kc3 Kc6 39. Bd8 Na4+ 40. Kb4 Nxb6 41. Bxb6 Kxb6 42. Kxa3 d5+ 43. Kb3 Kc5 44. cxd5 Kxd5 45. Kc3 Ke4 46. Kd2 Kf4 47. Ke2 Ba3 48. Nc3 e4 49. Kf2 Bc5+ 50. Ke2 e3 51. Kf1 Kg3 52. Ne4+ Kf4 53. Nxc5 Kg3 54. Ne4+ Kf4 55. Nf6 h5 56. Nd5+ 1-0

[Event "Titled Tuesday intern op 20th Feb Late"]
[Site "Chess.com INT"]
[Date "2024.02.20"]
[Round "2"]
[White "Ekdyshman, Mikhail"]
[Black "Poddubnyi, Viktor"]
[Result "1-0"]
[WhiteElo "2257"]
[BlackElo "2304"]
[PlyCount "65"]
[EventDate "2024.02.20"]
[EventType "swiss (blitz)"]
[EventRounds "11"]
[EventCountry "USA"]
[SourceTitle "EXT 2025"]
[Source "ChessBase"]
[SourceDate "2024.10.14"]
[SourceVersion "1"]
[SourceVersionDate "2024.10.14"]
[SourceQuality "1"]

1. g3 g6 2. Bg2 Bg7 3. e4 c5 4. Ne2 Nc6 5. 0-0 Nf6 6. d4 cxd4 7. Nxd4 0-0 8. c4 Nxd4 9. Qxd4 d6 10. Nc3 Be6 11. Qd3 Rc8 12. Nd5 Bxd5 13. exd5 Nd7 14. Bf4 Bxb2 15. Rab1 Bg7 16. Qa3 Nb6 17. Qxa7 Nxc4 18. Qxb7 Ra8 19. Rfc1 Ne5 20. Qb3 Qa5 21. Rc2 Rfc8 22. Rxc8+ Rxc8 23. a4 Ra8 24. Bf1 Nd7 25. Qb7 Nc5 26. Qxe7 Qxa4 27. Qxd6 Ne4 28. Qc6 Nc3 29. Rc1 Qa3 30. d6 Bf6 31. d7 Na2 32. Qxa8+ Qxa8 33. Rc8+ 1-0

[Event "Titled Tuesday intern op 20th Feb Late"]
[Site "Chess.com INT"]
[Date "2024.02.20"]
[Round "5"]
[White "Zou, Chen"]
[Black "Ekdyshman, Mikhail"]
[Result "1-0"]
[WhiteElo "2449"]
[BlackElo "2257"]
[PlyCount "185"]
[EventDate "2024.02.20"]
[EventType "swiss (blitz)"]
[EventRounds "11"]
[EventCountry "USA"]
[SourceTitle "EXT 2025"]
[Source "ChessBase"]
[SourceDate "2024.10.14"]
[SourceVersion "1"]
[SourceVersionDate "2024.10.14"]
[SourceQuality "1"]

1. e4 c5 2. Nf3 Nf6 3. e5 Nd5 4. Nc3 Nxc3 5. dxc3 Nc6 6. Bc4 e6 7. Qe2 h6 8. h4 b6 9. Bf4 Bb7 10. 0-0-0 Qc7 11. Kb1 0-0-0 12. Qd2 Na5 13. Be2 Bd5 14. b3 c4 15. Nd4 a6 16. Bf3 Bb7 17. Bxb7+ Nxb7 18. Nf3 d5 19. exd6 Bxd6 20. Bxd6 Rxd6 21. Qe3 Rhd8 22. Rxd6 Nxd6 23. Nd4 Qb7 24. f3 b5 25. Qe5 g6 26. h5 g5 27. b4 Ne8 28. Qc5+ Qc7 29. Qf8 e5 30. Nf5 Nd6 31. Nxd6+ Qxd6 32. Qxf7 Rd7 33. Qf5 Kc7 34. Re1 Re7 35. Kb2 Qe6 36. Qe4 Qc6 37. Qe3 Qb6 38. Qe2 Qd6 39. Rd1 Qe6 40. Qe3 Qb6 41. Qe4 Qc6 42. Qf5 Qe6 43. Qf8 Rd7 44. Qc5+ Kd8 45. Re1 Re7 46. a3 Ke8 47. Re2 Kf7 48. Qe3 Kf6 49. Qe4 Qf5 50. Qc6+ Qe6 51. Qa8 Kg7 52. Qb8 Kf6 53. Qh8+ Kf5 54. Re4 Qf6 55. Qc8+ Qe6 56. Qf8+ Qf6 57. Qg8 Rf7 58. Qe8 Qe6 59. Qd8 Qf6 60. Qa8 Qe6 61. Qb8 Kf6 62. g4 Kg7 63. Rxe5 Qf6 64. Re8 Rf8 65. Qc7+ Rf7 66. Qc8 Rf8 67. Qd7+ Rf7 68. Qc8 Rf8 69. Rxf8 Qxf8 70. Qxf8+ Kxf8 71. Kc1 Ke7 72. Kd2 Ke6 73. Ke3 Ke5 74. f4+ gxf4+ 75. Kf3 Ke6 76. Kxf4 Kf6 77. g5+ hxg5+ 78. Kg4 Kf7 79. Kxg5 Kg7 80. Kf5 Kh6 81. Ke5 Kxh5 82. Kd5 Kg4 83. Kc5 Kf3 84. Kb6 Ke3 85. Kxa6 Kd2 86. Kxb5 Kxc3 87. Kc5 Kb2 88. Kxc4 Kxa3 89. b5 Ka4 90. b6 Ka5 91. b7 Ka6 92. b8Q Ka5 93. Qb5# 1-0

[Event "Titled Tuesday intern op 31st Oct Early"]
[Site "Chess.com INT"]
[Date "2023.10.31"]
[Round "5"]
[White "Goh, Zi Han"]
[Black "Ekdyshman, Mikhail"]
[Result "0-1"]
[WhiteElo "2333"]
[BlackElo "2257"]
[PlyCount "68"]
[EventDate "2023.10.31"]
[EventType "swiss (blitz)"]
[EventRounds "11"]
[EventCountry "USA"]
[SourceTitle "EXT 2025"]
[Source "ChessBase"]
[SourceDate "2024.10.14"]
[SourceVersion "1"]
[SourceVersionDate "2024.10.14"]
[SourceQuality "1"]

1. d4 Nf6 2. c4 c5 3. d5 b5 4. cxb5 a6 5. b6 a5 6. Nc3 Ba6 7. g3 d6 8. Bg2 Nbd7 9. Nf3 g6 10. 0-0 Bg7 11. Re1 0-0 12. e4 Nxb6 13. e5 Nfd7 14. e6 fxe6 15. Ng5 e5 16. Ne6 Qe8 17. Nxf8 Qxf8 18. Bg5 Bf6 19. Qc1 Bb7 20. Bh3 Kh8 21. Be6 Bxg5 22. Qxg5 Nf6 23. Rad1 Bc8 24. Bxc8 Qxc8 25. f4 Nbd7 26. Ne4 Nxe4 27. Rxe4 Nf6 28. Re2 e4 29. Rf1 Qf5 30. Qxf5 gxf5 31. Rd1 Rb8 32. Kf2 h5 33. Ke3 Kg7 34. Rdd2 Ng4# 0-1

[Event "Titled Tuesday intern op 10th Oct Late"]
[Site "Chess.com INT"]
[Date "2023.10.10"]
[Round "3"]
[White "Kujawski, Adam"]
[Black "Ekdyshman, Mikhail"]
[Result "1-0"]
[WhiteElo "2173"]
[BlackElo "2257"]
[PlyCount "69"]
[EventDate "2023.10.10"]
[EventType "swiss (blitz)"]
[EventRounds "11"]
[EventCountry "USA"]
[SourceTitle "EXT 2025"]
[Source "ChessBase"]
[SourceDate "2024.10.14"]
[SourceVersion "1"]
[SourceVersionDate "2024.10.14"]
[SourceQuality "1"]

1. e4 c5 2. Nf3 Nf6 3. Nc3 d6 4. d4 cxd4 5. Nxd4 g6 6. Be3 Bg7 7. f3 0-0 8. Qd2 Nc6 9. 0-0-0 Nxd4 10. Bxd4 Be6 11. Kb1 a5 12. a4 Nd7 13. Bxg7 Kxg7 14. g4 Rc8 15. h4 Ne5 16. Be2 h6 17. f4 Nxg4 18. f5 Nf2 19. Qd4+ f6 20. Qxf2 Bf7 21. fxg6 Bg8 22. Qd4 Rc5 23. h5 Qc8 24. Bb5 b6 25. Rhf1 Qe6 26. Rf5 Rfc8 27. Rxc5 Rxc5 28. Nd5 Kf8 29. c4 Qg4 30. Nxe7 Qe6 31. Nf5 Re5 32. Qxd6+ Qxd6 33. Rxd6 Rxe4 34. Rd8+ Re8 35. Rxe8# 1-0

[Event "Titled Tuesday intern op 03rd Oct Late"]
[Site "Chess.com INT"]
[Date "2023.10.03"]
[Round "7"]
[White "Ekdyshman, Mikhail"]
[Black "Al Saffar, Araz Basim Mohammed"]
[Result "1-0"]
[WhiteElo "2257"]
[BlackElo "2390"]
[PlyCount "69"]
[EventDate "2023.10.03"]
[EventType "swiss (blitz)"]
[EventRounds "11"]
[EventCountry "USA"]
[SourceTitle "EXT 2025"]
[Source "ChessBase"]
[SourceDate "2024.10.14"]
[SourceVersion "1"]
[SourceVersionDate "2024.10.14"]
[SourceQuality "1"]

1. Nf3 Nf6 2. g3 b6 3. Bg2 Bb7 4. 0-0 e6 5. c4 Be7 6. Qc2 0-0 7. Nc3 c5 8. Re1 d5 9. cxd5 exd5 10. d4 Nc6 11. Rd1 Rc8 12. Bf4 Re8 13. Bh3 Ra8 14. Nb5 Bc8 15. Bc7 Bxh3 16. Bxd8 Rexd8 17. a3 a6 18. Nc3 g6 19. dxc5 Bxc5 20. Na4 Bf5 21. Qc1 Ne4 22. Nxc5 bxc5 23. b4 Rac8 24. bxc5 d4 25. Qh6 f6 26. Nh4 Ne7 27. Nxf5 Nxf5 28. Qf4 Nc3 29. Rd2 Rxc5 30. g4 g5 31. Qf3 Ng7 32. Qxf6 Ne4 33. Qxd8+ Kf7 34. Qd7+ Kg6 35. Qxd4 1-0

[Event "Titled Tuesday intern op 03rd Oct Late"]
[Site "Chess.com INT"]
[Date "2023.10.03"]
[Round "5"]
[White "Su, Dion"]
[Black "Ekdyshman, Mikhail"]
[Result "0-1"]
[WhiteElo "1922"]
[BlackElo "2257"]
[PlyCount "40"]
[EventDate "2023.10.03"]
[EventType "swiss (blitz)"]
[EventRounds "11"]
[EventCountry "USA"]
[SourceTitle "EXT 2025"]
[Source "ChessBase"]
[SourceDate "2024.10.14"]
[SourceVersion "1"]
[SourceVersionDate "2024.10.14"]
[SourceQuality "1"]

1. e4 c5 2. Nf3 Nf6 3. Nc3 d5 4. e5 d4 5. exf6 dxc3 6. fxg7 cxd2+ 7. Bxd2 Bxg7 8. Bb5+ Bd7 9. Bxd7+ Qxd7 10. 0-0 Nc6 11. Qe2 0-0-0 12. Bc3 Bxc3 13. bxc3 Rhg8 14. Rab1 Rg6 15. Rfd1 Rd6 16. Re1 Rg8 17. Ne5 Qh3 18. f4 Nxe5 19. fxe5 Rdg6 20. g3 Rxg3+ 0-1

[Event "Titled Tuesday intern op 03rd Oct Late"]
[Site "Chess.com INT"]
[Date "2023.10.03"]
[Round "6"]
[White "Tristan, Leonardo"]
[Black "Ekdyshman, Mikhail"]
[Result "1-0"]
[WhiteElo "2523"]
[BlackElo "2257"]
[PlyCount "81"]
[EventDate "2023.10.03"]
[EventType "swiss (blitz)"]
[EventRounds "11"]
[EventCountry "USA"]
[SourceTitle "EXT 2025"]
[Source "ChessBase"]
[SourceDate "2024.10.14"]
[SourceVersion "1"]
[SourceVersionDate "2024.10.14"]
[SourceQuality "1"]

1. d4 Nf6 2. Nf3 g6 3. Bf4 Bg7 4. e3 0-0 5. Be2 d6 6. 0-0 Nbd7 7. h3 Qe8 8. c4 e5 9. Bh2 e4 10. Nfd2 Qe7 11. Nc3 c6 12. b4 Re8 13. c5 d5 14. b5 Nf8 15. a4 Be6 16. a5 cxb5 17. Nxb5 Red8 18. Bd6 Qd7 19. Nc7 Bxh3 20. Nxa8 Rxa8 21. gxh3 Qxh3 22. f3 Bh6 23. Ra3 Ne6 24. Rf2 Bg5 25. Qf1 Qh6 26. fxe4 Bxe3 27. Kg2 Bxf2 28. Qxf2 Nxe4 29. Nxe4 dxe4 30. Be5 Ng5 31. Qf6 Kf8 32. Qh8+ Ke7 33. Qxa8 Nf3 34. Qxb7+ Ke6 35. Bc4+ Kf5 36. Qxf7+ Kg4 37. Be6+ Kh4 38. Qf4+ Qxf4 39. Bxf4 g5 40. Bg3+ Kh5 41. Rxf3 1-0